1987 1843 1516 1924 1089 1241 1124 1669 1063 1830 1163 1681 1500 1988 1332 1199 1965 1455 1031 1410 1137 1913 1329 1042 1682 1116 1069 1758 1822 1128 1193 1472 1371 1638 1307 1523 1699 1706 1017 1421 1619 1544 1334 1258 1046 1310 1714 1397 1711 1487 1083 1462 1447 1811 1916 1162 1768 1223 1008 1259 1867 1293 1352 1666 1727 1080 1164 1592 1710 1075 1633 1159 1945 1504 1863 1007 1332 1311 1993 1747 1131 1528 1369 1908 1523 1703 1220 1557 1245 1119 1824 1838 1427 1839 1127 1138 1413 1554 1787 BCNSPRNW ULIB Ver.6.0+V

เปลี่ยนเป็นภาษาไทย

Change to English
 แสดงรายละเอียดบรรณานุกรม
  กลับหน้าหลัก

Brief Record : Get Marc (ISO 2709) : E-mail record : QR code < ปิดหน้าต่าง
LEADER : 00000nam 2200000uu 4500
001    13399123365
003     ULIB
008    140827s2541||||th 000 0 tha d
099    วพ WY100^bส222บ
100 0  สมจิตรา กิตติมานนท์, ชณพรรธน์ ชิณณะพงศ์, พรสวรรค์ จันทร์บุญนาค, วิมล หนูเกื้อ และศุภชัย สุนทรา
245 00 บทบาทของพยาบาลวิชาชีพในโรงพยาบาลสวรรค์ประชารักษ์ : ศึกษาความสัมพันธืและเปรียบเทียบระหว่างบทบาทที่คาดหวังกับบทบาทที่ปฏิบัติจริง /^cสมจิตรา กิตติมานนท์, ชณพรรธน์ ชิณณะพงศ์, พรสวรรค์ จันทร์บุญนาค, วิมล หนูเกื้อ และศุภชัย สุนทรา
260    พิษณุโลก:^bมหาวิทยาลัยนเรศวร,^c2541
502    การศึกษาค้นคว้าอิสระ (ศษ.ม.)สาขาวิชาการบริหารการศึกษา,2541
650  0 บทบาทของพยาบาลวิชาชีพ
700 0  ชณพรรธน์ ชิณณะพงศ์
700 0  พรสวรรค์ จันทร์บุญนาค
700 0  วิมล หนูเกื้อ
700 0  ศุภชัย สุนทรา
945    ^p0^l0^i009550
999    ^aเกษร โพธิ์สุวรรณ
รายการนี้ยังไม่มีแท็ก
คุณยังไม่ได้ล็อกอิน คุณสามารถมีกิจกรรมร่วมกับเว็บไซต์ได้ แต่ต้องล็อกอินก่อน ::
  ล็อกอิน

รายการสื่อสารสนเทศ

ลำดับที่ ประเภท เลขเรียก/บาร์โค้ด สถานที่ สถานะ
1. วิทยานิพนธ์
วิทยานิพนธ์
วพ WY100 ส222บ ฉ.1 
  Barcode: 009550
ห้องสมุดวิทยาเขตสวรรค์ประชารักษ์
► วิทยานิพนธ์
บนชั้น

BibComment


ยังไม่เคยถูกคอมเมนท์

คอมเมนท์ทรัพยากรรายการนี้
  คอมเมนท์: บทบาทของพยาบาลวิช..


 Copyright 2026. Bcnsprnw @Library